<?xml version="1.0" encoding="UTF-8"?><?xml-stylesheet type="text/xsl" href="static/style.xsl"?><OAI-PMH xmlns="http://www.openarchives.org/OAI/2.0/" xmlns:xsi="http://www.w3.org/2001/XMLSchema-instance" xsi:schemaLocation="http://www.openarchives.org/OAI/2.0/ http://www.openarchives.org/OAI/2.0/OAI-PMH.xsd"><responseDate>2026-04-14T16:03:24Z</responseDate><request verb="GetRecord" identifier="oai:uvadoc.uva.es:10324/68" metadataPrefix="marc">https://uvadoc.uva.es/oai/request</request><GetRecord><record><header><identifier>oai:uvadoc.uva.es:10324/68</identifier><datestamp>2025-12-09T07:44:43Z</datestamp><setSpec>com_10324_30605</setSpec><setSpec>com_10324_894</setSpec><setSpec>col_10324_41</setSpec></header><metadata><record xmlns="http://www.loc.gov/MARC21/slim" xmlns:doc="http://www.lyncode.com/xoai" xmlns:xsi="http://www.w3.org/2001/XMLSchema-instance" xmlns:dcterms="http://purl.org/dc/terms/" xsi:schemaLocation="http://www.loc.gov/MARC21/slim http://www.loc.gov/standards/marcxml/schema/MARC21slim.xsd">
<leader>00925njm 22002777a 4500</leader>
<datafield tag="042" ind1=" " ind2=" ">
<subfield code="a">dc</subfield>
</datafield>
<datafield tag="720" ind1=" " ind2=" ">
<subfield code="a">Villafruela Espina, José Manuel</subfield>
<subfield code="e">author</subfield>
</datafield>
<datafield tag="260" ind1=" " ind2=" ">
<subfield code="c">2001</subfield>
</datafield>
<datafield tag="520" ind1=" " ind2=" ">
<subfield code="a">Se estudian los chorros de pared planos paralelos e inclinados experimental y numéricamente. &#xd;
&#xd;
Con anemometría de hilo caliente se ha caracterizado el campo de velocidad y turbulencia de chorros de pared planos paralelos e inclinados 10º, 20º y 30º para Reynolds de 10.000, 20.000 y 30.000.&#xd;
&#xd;
Todos estos flujos han sido simulados con tres modelos de turbulencia tipo k-E con correcciones cerca de la pared, contrastando los resultados con datos experimentales de esta tesis y de otros autores.</subfield>
</datafield>
<datafield tag="024" ind2=" " ind1="8">
<subfield code="a">http://uvadoc.uva.es/handle/10324/68</subfield>
</datafield>
<datafield tag="024" ind2=" " ind1="8">
<subfield code="a">b1156646</subfield>
</datafield>
<datafield tag="024" ind2=" " ind1="8">
<subfield code="a">10.35376/10324/68</subfield>
</datafield>
<datafield ind1=" " ind2=" " tag="653">
<subfield code="a">Chorros - Fluidos, Dinámica de</subfield>
</datafield>
<datafield ind1=" " ind2=" " tag="653">
<subfield code="a">Turbulencia</subfield>
</datafield>
<datafield tag="245" ind1="0" ind2="0">
<subfield code="a">Estudio numérico y experimental de chorros de pared planos paralelos e inclinados</subfield>
</datafield>
</record></metadata></record></GetRecord></OAI-PMH>